<?xml version="1.0" encoding="UTF-8"?>
<collection xmlns="http://www.loc.gov/MARC21/slim">
<record>
  <controlfield tag="001">87855</controlfield>
  <controlfield tag="005">20241220120714.0</controlfield>
  <datafield tag="024" ind1="8" ind2=" ">
    <subfield code="2">sideral</subfield>
    <subfield code="a">116174</subfield>
  </datafield>
  <datafield tag="037" ind1=" " ind2=" ">
    <subfield code="a">ART-2017-116174</subfield>
  </datafield>
  <datafield tag="041" ind1=" " ind2=" ">
    <subfield code="a">fra</subfield>
  </datafield>
  <datafield tag="100" ind1=" " ind2=" ">
    <subfield code="a">Aumeeruddy-Thomas, Yildiz</subfield>
  </datafield>
  <datafield tag="245" ind1=" " ind2=" ">
    <subfield code="a">Les sociétés jbala et la nature. Parlers et relations à autrui dans le Rif, nord du Maroc</subfield>
  </datafield>
  <datafield tag="260" ind1=" " ind2=" ">
    <subfield code="c">2017</subfield>
  </datafield>
  <datafield tag="506" ind1="0" ind2=" ">
    <subfield code="a">Access copy available to the general public</subfield>
    <subfield code="f">Unrestricted</subfield>
  </datafield>
  <datafield tag="520" ind1="3" ind2=" ">
    <subfield code="a">Ce numéro spécial situé à la croisée d’approches interdisciplinaires ethnobotanique, linguistique et anthropologique, révèle les modalités d’interactions entre les hommes, la nature et autrui chez les Jbala et dans le Rif, au Maroc. Nous observons une diversité linguistique élevée, des
pratiques anciennes et très résilientes sur la nature ainsi qu’une agrobiodiversité associée exceptionnelle. Nous suggérons que l’organisation sociale rifaine ainsi que la diversité des parlers constituent des éléments identitaires stables créant des frontières entre les différents groupes sociaux arabophones et berbérophones d’origines variées du Rif, et du Pré-Rif. Des échanges aux frontières dans les souks ou lors de mariages, contribuent à la richesse linguistique ainsi qu’à l’agrobiodiversité. Celle-ci repose, en outre, sur la biodiversité naturelle et sur des échanges historiques avec la Méditerranée. Ces travaux montrent également une grande proximité entre les habitants du Rif et la nature, y compris des relations sociales complexes avec des êtres intangibles. Ces collectifs hybrides, les dynamiques langagières, et la richesse des techniques et de l’agrobiodiversité associée subissent aujourd’hui des processus de nivellement liés à la globalisation des échanges.</subfield>
  </datafield>
  <datafield tag="540" ind1=" " ind2=" ">
    <subfield code="9">info:eu-repo/semantics/openAccess</subfield>
    <subfield code="a">by-nc-nd</subfield>
    <subfield code="u">http://creativecommons.org/licenses/by-nc-nd/3.0/es/</subfield>
  </datafield>
  <datafield tag="655" ind1=" " ind2="4">
    <subfield code="a">info:eu-repo/semantics/article</subfield>
    <subfield code="v">info:eu-repo/semantics/publishedVersion</subfield>
  </datafield>
  <datafield tag="700" ind1=" " ind2=" ">
    <subfield code="a">Caubet, Dominique</subfield>
  </datafield>
  <datafield tag="700" ind1=" " ind2=" ">
    <subfield code="a">Hmimsa, Younes</subfield>
  </datafield>
  <datafield tag="700" ind1=" " ind2=" ">
    <subfield code="a">Vicente Sánchez, Ángeles</subfield>
    <subfield code="u">Universidad de Zaragoza</subfield>
    <subfield code="0">(orcid)0000-0001-8073-7309</subfield>
  </datafield>
  <datafield tag="710" ind1="2" ind2=" ">
    <subfield code="1">3008</subfield>
    <subfield code="2">285</subfield>
    <subfield code="a">Universidad de Zaragoza</subfield>
    <subfield code="b">Dpto. Hª.Medieval,CC.TT.Histo.</subfield>
    <subfield code="c">Área Estudios Arabes Islámicos</subfield>
  </datafield>
  <datafield tag="773" ind1=" " ind2=" ">
    <subfield code="g">Supp. 1 (2017), [18 pp.]</subfield>
    <subfield code="p">Rev. ethnoécologie</subfield>
    <subfield code="t">Revue d'ethnoécologie</subfield>
  </datafield>
  <datafield tag="856" ind1="4" ind2=" ">
    <subfield code="s">496544</subfield>
    <subfield code="u">http://zaguan.unizar.es/record/87855/files/texto_completo.pdf</subfield>
    <subfield code="y">Versión publicada</subfield>
  </datafield>
  <datafield tag="856" ind1="4" ind2=" ">
    <subfield code="s">158037</subfield>
    <subfield code="u">http://zaguan.unizar.es/record/87855/files/texto_completo.jpg?subformat=icon</subfield>
    <subfield code="x">icon</subfield>
    <subfield code="y">Versión publicada</subfield>
  </datafield>
  <datafield tag="856" ind1="4" ind2="1">
    <subfield code="u">https://journals.openedition.org/ethnoecologie/3234</subfield>
    <subfield code="z">Texto completo de la revista</subfield>
  </datafield>
  <datafield tag="909" ind1="C" ind2="O">
    <subfield code="o">oai:zaguan.unizar.es:87855</subfield>
    <subfield code="p">articulos</subfield>
    <subfield code="p">driver</subfield>
  </datafield>
  <datafield tag="951" ind1=" " ind2=" ">
    <subfield code="a">2024-12-20-12:05:28</subfield>
  </datafield>
  <datafield tag="980" ind1=" " ind2=" ">
    <subfield code="a">ARTICLE</subfield>
  </datafield>
</record>
</collection>